[Event "Swedish Elitserien 2021-22"]
[Site "Sodertalje"]
[Date "2022.05.15"]
[Round "9.32"]
[White "Dragicevic, Drazen"]
[Black "Renman, Nils-Gustaf"]
[Result "1/2-1/2"]
[WhiteElo "2345"]
[BlackElo "2313"]
[Annotator "TA"]
[PlyCount "85"]
[EventDate "2022.05.13"]
[EventType "team-tourn"]
[EventCountry "SWE"]
[SourceTitle "playchess.com"]
[Source "ChessBase"]
[SourceQuality "1"]

{[%evp 17,85,0,0,0,6,0,24,29,20,4,1,3,0,0,14,-18,-8,-31,14,9,8,14,4,10,13,13,9,12,5,8,22,22,23,25,26,21,21,14,12,5,4,6,15,0,0,0,0,0,0,0,0,0,0,0,0,0,0,0,0,0,0,0,0,0,0,0,0,0,0,0]} 1. c4 {[%emt 0:00:35]} e6 {[%emt 0:02:53]} 2. g3 {[%emt 0:00:59]} d5 {[%emt 0:00:10]} 3. Bg2 {[%emt 0:00:41]} Nf6 {[%emt 0:00:09]} 4. Nf3 {[%emt 0:01:26]} Be7 {[%emt 0:01:15]} 5. O-O {[%emt 0:00:38]} O-O {[%emt 0:00:26]} 6. Qc2 {[%emt 0:03:48]} c5 {[%emt 0:02:38]} 7. d4 {[%emt 0:03:11]} cxd4 {[%emt 0:01:03]} 8. Nxd4 {[%emt 0:08:45]} Nc6 {[%emt 0:01:54]} 9. Nxc6 {[%emt 0:00:56]} bxc6 {[%emt 0:00:08]} 10. Rd1 {[%emt 0:00:16] E06: Closed Catalan: Early deviations.} Qb6 {[%emt 0:06:23]} 11. Nc3 {[%emt 0:09:10]} Ng4 {[%emt 0:08:31]} 12. e3 {[%emt 0:10:12][%cal Rc4d5] White has an edge.} Ba6 {[%emt 0:13:52]} 13. b3 {[%emt 0:15:16][%cal Bb2b3,Bb3c4,Bc4c5][%mdl 32]} dxc4 {[%emt 0:05:45]} 14. Na4 {[%emt 0:09:42]} Qc7 {[%emt 0:00:19]} 15. bxc4 {[%emt 0:05:46]} Ne5 {[%emt 0:01:55]} 16. c5 {[%emt 0:03:52]} Rfd8 {[%emt 0:04:44]} 17. Bb2 {[%emt 0:05:53] [#]} Nd3 $146 {[%emt 0:02:57]} ({Predecessor:} 17... Bd3 18. Qc1 Bf6 19. Bd4 Bg6 20. Nb2 Bh5 21. Re1 Rab8 22. Qc3 Bf3 23. Nc4 Bxg2 24. Kxg2 Nxc4 25. Bxf6 gxf6 26. Qxc4 {½-½ (68) Mosetlhe,K (2162)-Hercules,B (2163) Johannesburg 2017}) 18. Bc3 {[%emt 0:02:03]} Bb5 {[%emt 0:08:50]} 19. Be4 {[%emt 0:06:47][%cal Re4d3]} Bxa4 {[%emt 0:04:11]} 20. Qxa4 {[%emt 0:00:02]} Nxc5 {[%emt 0:00:15]} 21. Qxc6 {[%emt 0:00:11]} Qxc6 {[%emt 0:00:20]} 22. Bxc6 {[%emt 0:00:03] This bishop pair is nice.} Rac8 {[%emt 0:02:58]} 23. Bf3 {[%emt 0:03:14]} f6 {[%emt 0:09:31]} 24. Ba5 {[%emt 0:04:20]} Rxd1+ {[%emt 0:01:05]} 25. Rxd1 {[%emt 0:00:03]} Kf7 {[%emt 0:00:28]} 26. h4 {[%emt 0:00:51]} Rb8 {[%emt 0:01:05] The position is equal.} 27. Kf1 {[%emt 0:01:42]} f5 {[%emt 0:05:13]} 28. Rd2 {[%emt 0:00:59]} Rb5 {[%emt 0:02:25]} 29. Bc7 {[%emt 0:00:41]} Na6 {[%emt 0:02:43]} 30. Bd8 {[%emt 0:01:22] [#] And now Rd7 would win.} Nc5 {[%emt 0:03:07] Inhibits Rd7.} 31. Bxe7 {[%emt 0:01:46]} Kxe7 $11 {[%emt 0:00:03][%mdl 4096] Endgame KRB-KRN} 32. Be2 {[%emt 0:00:26]} Rb1+ {[%emt 0:01:16]} 33. Kg2 {[%emt 0:00:02]} g6 {[%emt 0:01:10]} 34. Rc2 {[%emt 0:00:16]} Kd6 {[%emt 0:00:13]} 35. g4 {[%emt 0:00:35]} Rb4 {[%emt 0:02:03]} 36. Rd2+ {[%emt 0:00:46]} Ke7 {[%emt 0:00:07]} 37. Rc2 {[%emt 0:00:40]} Kd6 {[%emt 0:00:26]} 38. gxf5 {[%emt 0:00:30]} gxf5 {[%emt 0:00:49]} 39. Rd2+ {[%emt 0:00:29]} Ke7 {[%emt 0:00:10]} 40. Rc2 {[%emt 0:00:06]} Kd6 {[%emt 0:00:14]} 41. h5 {[%emt 0:05:42]} h6 {[%emt 0:00:31]} 42. Rd2+ {[%emt 0:09:32]} Ke7 {[%emt 0:00:13]} 43. Rc2 {[%emt 0:00:26] A balanced but interesting game.  Weighted Error Value: White=0.03 (flawless) /Black=0.03 (flawless)} 1/2-1/2